[Event "GER-chT Seniors 20th"]
[Site "Gladenbach"]
[Date "2011.09.17"]
[Round "7.4"]
[White "Funk, Paul"]
[Black "Lainburg, Victor"]
[Result "1/2-1/2"]
[WhiteElo "1935"]
[BlackElo "2014"]
[PlyCount "53"]
[EventDate "2011.09.11"]
[EventType "team-swiss"]
[EventRounds "7"]
[EventCountry "GER"]
[SourceTitle "CBM 144 Extra"]
[Source "ChessBase"]
[SourceDate "2011.10.28"]
[SourceVersion "1"]
[SourceVersionDate "2011.10.28"]
[SourceQuality "1"]
[WhiteTeam "Baden II"]
[BlackTeam "Wuerttemberg II"]
[WhiteTeamCountry "GER"]
[BlackTeamCountry "GER"]

1. d4 d5 2. Nf3 c5 3. c3 e6 4. Bf4 Nc6 5. e3 Nf6 6. Nbd2 Be7 7. Bd3 0-0 8. Ne5 Bd7 9. 0-0 Be8 10. Qe2 Nxe5 11. Bxe5 Bc6 12. Qf3 Nd7 13. Qh3 f5 14. Nf3 c4 15. Bc2 Nxe5 16. Nxe5 Be8 17. f4 Bf6 18. g4 Bxe5 19. fxe5 Bg6 20. gxf5 Qg5+ 21. Kh1 Bxf5 22. Bxf5 Rxf5 23. Rg1 Qe7 24. Rg3 Raf8 25. Rag1 g6 26. Qh6 Qg7 27. Qh3 1/2-1/2

[Event "Baden-ch Seniors"]
[Site "Badenweiler"]
[Date "2009.06.06"]
[Round "7"]
[White "Huber, Martin1111"]
[Black "Funk, Paul"]
[Result "1/2-1/2"]
[WhiteElo "1729"]
[BlackElo "2159"]
[PlyCount "59"]
[EventDate "2009.06.01"]
[EventType "swiss"]
[EventRounds "9"]
[EventCountry "GER"]
[SourceTitle "EXT 2010"]
[Source "ChessBase"]
[SourceDate "2010.11.25"]
[SourceVersion "1"]
[SourceVersionDate "2010.11.25"]
[SourceQuality "1"]

1. e4 c5 2. Nf3 e6 3. d4 cxd4 4. Nxd4 Nf6 5. Nc3 Bb4 6. e5 Nd5 7. Bd2 Nxc3 8. Qg4 Nd5 9. Qxg7 Bxd2+ 10. Kxd2 Rf8 11. Be2 d6 12. Bb5+ Bd7 13. Bxd7+ Qxd7 14. Rhe1 dxe5 15. Rxe5 Nb6 16. Ke1 Nc6 17. Nxc6 Qxc6 18. Rd1 Nd7 19. Re2 0-0-0 20. Re3 Kb8 21. Qg3+ e5 22. Rc3 Qe6 23. Rcd3 f5 24. Rd6 Qe7 25. Qd3 Rf7 26. c4 b6 27. c5 e4 28. Qd5 bxc5 29. Qc6 f4 30. Qb5+ 1/2-1/2

[Event "GER-ch Seniors-A 20th"]
[Site "Erfurt"]
[Date "2008.08.10"]
[Round "6"]
[White "Weyrauch, Erich"]
[Black "Funk, Paul"]
[Result "1-0"]
[WhiteElo "2094"]
[BlackElo "1992"]
[PlyCount "113"]
[EventDate "2008.08.05"]
[EventType "swiss"]
[EventRounds "9"]
[EventCountry "GER"]
[SourceTitle "CBM 126 Extra"]
[Source "ChessBase"]
[SourceDate "2008.11.05"]
[SourceVersion "1"]
[SourceVersionDate "2008.11.05"]
[SourceQuality "1"]

1. e4 e5 2. Bc4 Nf6 3. d3 d6 4. Nc3 Be7 5. f4 c6 6. Nf3 Qc7 7. 0-0 0-0 8. fxe5 dxe5 9. Qe1 Nbd7 10. a3 Nc5 11. Qg3 Ncd7 12. Be3 Nh5 13. Qf2 Ndf6 14. h3 Nf4 15. Bxf4 exf4 16. d4 Be6 17. Bd3 Nh5 18. Ne2 g5 19. Ne5 Rad8 20. c3 f6 21. Bc4 Qc8 22. Bxe6+ Qxe6 23. Qf3 Ng7 24. Nd3 Bd6 25. b4 Rde8 26. Nf2 Qc4 27. Rfe1 Rf7 28. Ng4 Kh8 29. Nf2 Rfe7 30. Rac1 Qf7 31. c4 Bb8 32. b5 f5 33. e5 c5 34. Qd5 cxd4 35. Qxf7 Rxf7 36. Nxd4 Bxe5 37. Nf3 Bf6 38. Rxe8+ Nxe8 39. c5 h6 40. a4 Nc7 41. Nd3 Re7 42. Nb4 g4 43. Ne1 Bd4+ 44. Kf1 Bb2 45. Rc2 Bd4 46. c6 b6 47. Rd2 Bc3 48. Rd8+ Kg7 49. Ned3 Kf7 50. Rc8 Bxb4 51. Nxb4 h5 52. Rh8 Kg6 53. Rd8 Re4 54. Nd5 Nxd5 55. Rxd5 Rxa4 56. c7 Rc4 57. Rd6+ 1-0

[Event "GER-ch Seniors-A 20th"]
[Site "Erfurt"]
[Date "2008.08.09"]
[Round "5"]
[White "Funk, Paul"]
[Black "Worschech, Roland"]
[Result "1-0"]
[WhiteElo "1992"]
[BlackElo "1728"]
[PlyCount "97"]
[EventDate "2008.08.05"]
[EventType "swiss"]
[EventRounds "9"]
[EventCountry "GER"]
[SourceTitle "CBM 126 Extra"]
[Source "ChessBase"]
[SourceDate "2008.11.05"]
[SourceVersion "1"]
[SourceVersionDate "2008.11.05"]
[SourceQuality "1"]

1. d4 Nf6 2. Nf3 g6 3. c4 d6 4. Nc3 Bg7 5. e4 Nbd7 6. Be2 0-0 7. h3 e5 8. dxe5 dxe5 9. Bg5 Re8 10. 0-0 c6 11. Qc2 h6 12. Be3 Qe7 13. b4 Nf8 14. Rfd1 Be6 15. Nd2 Red8 16. a4 g5 17. a5 Ng6 18. Nb3 Bf8 19. Rxd8 Qxd8 20. Nc5 Qe7 21. Rb1 Bc8 22. Qd2 Nd7 23. Rd1 Nxc5 24. Bxc5 Qe8 25. Qe3 Be6 26. Bd6 Rd8 27. Bxf8 Rxd1+ 28. Nxd1 Qxf8 29. Qd2 Qe7 30. c5 Kf8 31. a6 Qc7 32. Ne3 Nf4 33. Bf1 bxa6 34. Bxa6 Ke8 35. Kh2 Qd7 36. Qc2 h5 37. b5 Qc7 38. g3 Nxh3 39. Nf5 g4 40. Nd6+ Ke7 41. Kg2 cxb5 42. Bxb5 Bd7 43. Qc4 Be6 44. Qc3 f6 45. Qb4 Bd7 46. Bxd7 Kxd7 47. Qa4+ Ke6 48. Qe8+ Qe7 49. Qg8+ 1-0

[Event "GER-ch Seniors-A 20th"]
[Site "Erfurt"]
[Date "2008.08.07"]
[Round "3"]
[White "Funk, Paul"]
[Black "Wojtkowiak, Horst"]
[Result "1-0"]
[WhiteElo "1992"]
[BlackElo "1677"]
[PlyCount "127"]
[EventDate "2008.08.05"]
[EventType "swiss"]
[EventRounds "9"]
[EventCountry "GER"]
[SourceTitle "CBM 126 Extra"]
[Source "ChessBase"]
[SourceDate "2008.11.05"]
[SourceVersion "1"]
[SourceVersionDate "2008.11.05"]
[SourceQuality "1"]

1. d4 Nf6 2. Nf3 c5 3. d5 e6 4. c4 exd5 5. cxd5 d6 6. Nc3 g6 7. e4 Bg7 8. h3 0-0 9. Bd3 Na6 10. 0-0 Nc7 11. Re1 b6 12. Bf4 Nfe8 13. Qd2 f6 14. Rad1 g5 15. Bg3 h6 16. a4 Ba6 17. Ra1 Bxd3 18. Qxd3 Qd7 19. Nd2 a6 20. Nc4 Rb8 21. Ne3 b5 22. axb5 axb5 23. Ra7 c4 24. Qc2 Qd8 25. Rea1 Rf7 26. Nf5 Bf8 27. Ne2 Ra8 28. Ned4 Rxa7 29. Rxa7 Qb8 30. Nc6 Qb6 31. Qd1 Rd7 32. Qg4 Rh7 33. Nfd4 h5 34. Qd1 h4 35. Bh2 b4 36. Kh1 c3 37. bxc3 bxc3 38. Qc2 Nb5 39. Nxb5 Qxb5 40. Rxh7 Kxh7 41. Qxc3 Qb1+ 42. Bg1 Qxe4 43. Qb3 Bg7 44. f3 Qe1 45. Qc2+ Kg8 46. Nd4 Qe7 47. Ne6 Qd7 48. Bb6 Qb5 49. Qc6 Qb1+ 50. Kh2 Qg6 51. Bc7 g4 52. hxg4 f5 53. Nxg7 Kxg7 54. Qd7+ Qf7 55. Qxf7+ Kxf7 56. Bd8 fxg4 57. fxg4 Kg6 58. Kh3 Ng7 59. Kxh4 Ne8 60. Kg3 Ng7 61. Kf4 Ne8 62. Ke4 Ng7 63. Kd4 Kf7 64. Kc4 1-0

[Event "GER-ch Seniors-A 20th"]
[Site "Erfurt"]
[Date "2008.08.05"]
[Round "1"]
[White "Funk, Paul"]
[Black "Hoeschele, Hans Ulrich"]
[Result "0-1"]
[WhiteElo "1992"]
[BlackElo "2055"]
[PlyCount "80"]
[EventDate "2008.08.05"]
[EventType "swiss"]
[EventRounds "9"]
[EventCountry "GER"]
[SourceTitle "CBM 126 Extra"]
[Source "ChessBase"]
[SourceDate "2008.11.05"]
[SourceVersion "1"]
[SourceVersionDate "2008.11.05"]
[SourceQuality "1"]

1. d4 d5 2. c4 c6 3. Nf3 Nf6 4. e3 e6 5. Nc3 Nbd7 6. Be2 Bd6 7. 0-0 0-0 8. Qc2 a6 9. a4 b6 10. Rd1 Bb7 11. e4 dxe4 12. Nxe4 Nxe4 13. Qxe4 Qe7 14. Bg5 f6 15. Bd3 g6 16. Bh6 Rf7 17. Re1 Re8 18. h4 Nf8 19. Qg4 Bc8 20. Qe4 Bb7 21. Qe2 c5 22. Be4 cxd4 23. Nxd4 e5 24. Nc2 Ne6 25. Bd5 Bxd5 26. cxd5 Nc7 27. Qc4 Qd7 28. Rad1 Rc8 29. Qb3 b5 30. a5 Ne8 31. g3 Rc4 32. Bd2 Qh3 33. Ne3 Rxh4 34. gxh4 e4 35. Ng4 Qxb3 36. Nh6+ Kg7 37. Nxf7 Kxf7 38. Bc3 b4 39. Bd4 Qh3 40. Rxe4 Qh2+ 0-1

[Event "EU-ch Seniors 07th"]
[Site "Hockenheim"]
[Date "2007.06.09"]
[Round "8"]
[White "Funk, Paul"]
[Black "Preuss, Flemming"]
[Result "1/2-1/2"]
[WhiteElo "2197"]
[BlackElo "2045"]
[PlyCount "118"]
[EventDate "2007.06.02"]
[EventType "swiss"]
[EventRounds "9"]
[EventCountry "GER"]
[SourceTitle "CBM 118 Extra"]
[Source "ChessBase"]
[SourceDate "2007.07.04"]
[SourceVersion "1"]
[SourceVersionDate "2007.07.04"]
[SourceQuality "1"]

1. d4 f5 2. Nf3 Nf6 3. c4 g6 4. Nc3 Bg7 5. g3 0-0 6. Bg2 d6 7. 0-0 Nc6 8. d5 Ne5 9. Qb3 h6 10. Rd1 Kh8 11. Nd4 a6 12. f4 Ned7 13. Qc2 Nc5 14. b4 e5 15. fxe5 dxe5 16. Nf3 Ncd7 17. Bb2 e4 18. Nd4 Ne5 19. Ne6 Bxe6 20. dxe6 Qe7 21. Nd5 Qxe6 22. Nf4 Qxc4 23. Nxg6+ Kg8 24. Qxc4+ Nxc4 25. Bd4 Rf7 26. Rac1 b5 27. Ne5 Nxe5 28. Bxe5 Ng4 29. Bf4 Be5 30. Bxe5 Nxe5 31. Rc5 Re8 32. Rdd5 Rfe7 33. Bh3 c6 34. Rd6 Rf8 35. Rxh6 Kg7 36. Rd6 Rf6 37. Rd8 Kg6 38. Rg8+ Kf7 39. Ra8 Ke6 40. Rxa6 Rd7 41. Rxb5 Rd2 42. Bf1 f4 43. Rc5 f3 44. Raa5 fxe2 45. Rxe5+ Kd6 46. Bxe2 Rxe2 47. Rf5 Rxf5 48. Rxf5 Rxa2 49. Rf2 Ra1+ 50. Rf1 Ra2 51. Rb1 Ke5 52. b5 cxb5 53. Rxb5+ Kd4 54. g4 e3 55. Rb1 Ke4 56. g5 Kf5 57. h4 Kg4 58. g6 Kxh4 59. g7 Ra8 1/2-1/2

[Event "GER-chT Seniors 15th"]
[Site "Bad Blankenburg"]
[Date "2006.09.06"]
[Round "4.2"]
[White "Funk, Paul"]
[Black "Limberg, Siegfried"]
[Result "1-0"]
[WhiteElo "2202"]
[BlackElo "2152"]
[PlyCount "77"]
[EventDate "2006.09.03"]
[EventType "team-swiss"]
[EventRounds "7"]
[EventCountry "GER"]
[SourceTitle "CBM 114 Extra"]
[Source "ChessBase"]
[SourceDate "2006.11.03"]
[SourceVersion "1"]
[SourceVersionDate "2006.11.03"]
[SourceQuality "1"]

1. d4 f5 2. e4 fxe4 3. Nc3 Nf6 4. Bg5 Nc6 5. Bxf6 exf6 6. d5 Ne5 7. Nxe4 d6 8. f4 Nf7 9. Be2 Be7 10. Nf3 0-0 11. Nd4 f5 12. Nd2 Bf6 13. N2f3 Re8 14. 0-0 Bd7 15. Bc4 Qc8 16. Qd3 g6 17. Rae1 Rxe1 18. Rxe1 a6 19. c3 Kh8 20. h4 Qg8 21. Ne6 Rc8 22. g3 h6 23. Kg2 h5 24. Qe3 b5 25. Bb3 a5 26. Qa7 a4 27. Bc2 Bxe6 28. Rxe6 Kg7 29. Qb7 a3 30. bxa3 Bxc3 31. Qxb5 Qd8 32. Qd3 Bf6 33. Nd4 c5 34. Nc6 Qb6 35. Rxf6 Rxc6 36. Qc3 Ne5 37. fxe5 Rc8 38. exd6 Re8 39. Re6+ 1-0

[Event "GER-chT Seniors 15th"]
[Site "Bad Blankenburg"]
[Date "2006.09.05"]
[Round "3.2"]
[White "Weiss, Werner"]
[Black "Funk, Paul"]
[Result "1/2-1/2"]
[WhiteElo "2060"]
[BlackElo "2202"]
[PlyCount "50"]
[EventDate "2006.09.03"]
[EventType "team-swiss"]
[EventRounds "7"]
[EventCountry "GER"]
[SourceTitle "CBM 114 Extra"]
[Source "ChessBase"]
[SourceDate "2006.11.03"]
[SourceVersion "1"]
[SourceVersionDate "2006.11.03"]
[SourceQuality "1"]

1. Nf3 Nf6 2. g3 g6 3. Bg2 Bg7 4. 0-0 0-0 5. d3 d6 6. Nbd2 e5 7. e4 Nh5 8. Re1 Bd7 9. c3 Nc6 10. Nf1 Qc8 11. Ne3 Bh3 12. Bh1 h6 13. Nd5 Kh7 14. Nh4 Qd7 15. Bf3 Nf6 16. Ne3 Ng8 17. Bd2 f5 18. exf5 gxf5 19. Bh5 Nce7 20. Neg2 Nf6 21. Be2 Rae8 22. d4 Ne4 23. dxe5 dxe5 24. Be3 Qe6 25. Qb3 Qxb3 1/2-1/2

[Event "EU-chT Seniors 08th"]
[Site "Dresden"]
[Date "2006.02.21"]
[Round "5"]
[White "Dorawa, Bernhard"]
[Black "Funk, Paul"]
[Result "0-1"]
[WhiteElo "2110"]
[BlackElo "2206"]
[PlyCount "108"]
[EventDate "2006.02.17"]
[EventType "team-swiss"]
[EventRounds "8"]
[EventCountry "GER"]
[SourceTitle "CBM 111 Extra"]
[Source "ChessBase"]
[SourceDate "2006.05.09"]
[SourceVersion "1"]
[SourceVersionDate "2006.05.09"]
[SourceQuality "1"]
[WhiteTeam "Sachsen"]
[BlackTeam "Baden"]
[WhiteTeamCountry "GER"]
[BlackTeamCountry "GER"]

1. e4 d6 2. b3 Nf6 3. Nc3 g6 4. g3 Bg7 5. Bg2 0-0 6. Nge2 c6 7. 0-0 Nbd7 8. d4 a6 9. Bb2 Qc7 10. Qd2 Rb8 11. Nd1 b5 12. Ne3 Bb7 13. c4 bxc4 14. bxc4 a5 15. Bc3 Ra8 16. a4 e5 17. dxe5 dxe5 18. Qc2 Rfe8 19. Rab1 Nc5 20. Nc1 Red8 21. Nb3 Nfd7 22. Nxc5 Nxc5 23. Rfd1 Ba6 24. Rxd8+ Rxd8 25. Bf1 Bf8 26. Rd1 Be7 27. Rxd8+ Bxd8 28. Ng4 f6 29. Ne3 Ne6 30. Qa2 Nc5 31. Qc2 Bc8 32. Be2 Be6 33. Bg4 Qd7 34. Bxe6+ Nxe6 35. Qd2 Qxd2 36. Bxd2 Nc5 37. f3 Nxa4 38. Kf1 Bb6 39. Ke2 Nb2 40. Bc3 Na4 41. Bd2 Kf7 42. Kd3 Nc5+ 43. Kc3 Ne6 44. Nc2 h5 45. Be3 Bxe3 46. Nxe3 Ng5 47. Kb3 Nxf3 48. Ka4 Nd2 49. Kxa5 Nxe4 50. Kb6 c5 51. Kc6 Ke6 52. Nc2 f5 53. Ne3 g5 54. Nd5 f4 0-1

[Event "EU-chT Seniors 08th"]
[Site "Dresden"]
[Date "2006.02.18"]
[Round "2"]
[White "Funk, Paul"]
[Black "Hohler, Peter"]
[Result "1/2-1/2"]
[WhiteElo "2206"]
[BlackElo "2183"]
[PlyCount "33"]
[EventDate "2006.02.17"]
[EventType "team-swiss"]
[EventRounds "8"]
[EventCountry "GER"]
[SourceTitle "CBM 111 Extra"]
[Source "ChessBase"]
[SourceDate "2006.05.09"]
[SourceVersion "1"]
[SourceVersionDate "2006.05.09"]
[SourceQuality "1"]
[WhiteTeam "Baden"]
[BlackTeam "Switzerland"]
[WhiteTeamCountry "GER"]
[BlackTeamCountry "SUI"]

1. d4 Nf6 2. Nf3 e6 3. g3 b5 4. Bg2 Bb7 5. 0-0 c5 6. c3 Be7 7. Nbd2 0-0 8. Re1 Nc6 9. dxc5 Bxc5 10. Nb3 Be7 11. Qd3 a6 12. e4 d5 13. exd5 Nxd5 14. Qe2 Qc7 15. Bd2 Rad8 16. Ng5 Nf6 17. Bf4 1/2-1/2

[Event "Baden-ch Seniors"]
[Site "Eppingen"]
[Date "2004.04.15"]
[Round "7"]
[White "Mueller, Waldemar"]
[Black "Funk, Paul"]
[Result "0-1"]
[WhiteElo "2134"]
[BlackElo "2174"]
[PlyCount "78"]
[EventDate "2004.04.??"]
[EventType "swiss"]
[EventRounds "9"]
[EventCountry "GER"]
[SourceTitle "EXT 2005"]
[Source "ChessBase"]
[SourceDate "2004.11.15"]
[SourceVersion "1"]
[SourceVersionDate "2004.11.15"]
[SourceQuality "1"]

1. e4 e5 2. Nf3 Nc6 3. Bc4 d6 4. d4 exd4 5. Nxd4 Nf6 6. 0-0 Be7 7. Nxc6 bxc6 8. Bd3 0-0 9. f4 a5 10. Nc3 Ba6 11. Rf3 Nd7 12. g4 Nc5 13. Be3 Nxd3 14. cxd3 d5 15. d4 dxe4 16. Nxe4 Bc4 17. Rh3 Bd5 18. Ng3 g6 19. f5 Bg5 20. Qd2 Bxe3+ 21. Qxe3 Qf6 22. g5 Qd6 23. Re1 Rfd8 24. a3 Rab8 25. Qf2 Re8 26. Rxe8+ Rxe8 27. Rh4 Qe7 28. f6 Qe1+ 29. Nf1 Bc4 30. Rf4 Qb1 31. Qh4 Re1 32. Qh3 h5 33. gxh6 Kh7 34. Qg2 Qd1 35. h3 Bd5 36. Qg4 Qd3 37. h4 Qe3+ 38. Rf2 Bc4 39. Kg2 Bxf1+ 0-1

[Event "Baden-ch Seniors"]
[Site "Eppingen"]
[Date "2004.04.13"]
[Round "5"]
[White "Gerhardt, Peter Michael"]
[Black "Funk, Paul"]
[Result "1/2-1/2"]
[WhiteElo "2104"]
[BlackElo "2174"]
[PlyCount "102"]
[EventDate "2004.04.??"]
[EventType "swiss"]
[EventRounds "9"]
[EventCountry "GER"]
[SourceTitle "EXT 2005"]
[Source "ChessBase"]
[SourceDate "2004.11.15"]
[SourceVersion "1"]
[SourceVersionDate "2004.11.15"]
[SourceQuality "1"]

1. d4 Nf6 2. c4 c5 3. e3 e6 4. Nf3 Be7 5. dxc5 Bxc5 6. Be2 Nc6 7. 0-0 0-0 8. Nc3 d5 9. cxd5 exd5 10. Nd4 h6 11. b3 a6 12. Bb2 Re8 13. Bf3 Ne5 14. Be2 Qd6 15. Nf3 Ned7 16. Rc1 Nb6 17. Qc2 Bb4 18. Nb1 Qe7 19. Bd4 Nbd7 20. Qb2 b5 21. Rfd1 Bd6 22. Bd3 Bb7 23. Nh4 Be5 24. Nf5 Qe6 25. Nd2 Ne4 26. Ng3 f5 27. Nf3 Re7 28. Ne2 Qd6 29. Nxe5 Nxe5 30. Bxe4 fxe4 31. Bc5 Qf6 32. Bd4 Rf8 33. Bxe5 Rxe5 34. Rf1 h5 35. Rc7 Bc8 36. Qc3 Bg4 37. Nf4 Rg5 38. Qxf6 Rxf6 39. h4 Re5 40. g3 Rd6 41. Rc5 g5 42. hxg5 Rxg5 43. Ng2 Bh3 44. Rfc1 Bxg2 45. Kxg2 h4 46. Rc6 Rdg6 47. Rc8+ Kg7 48. R1c7+ Kf6 49. Rc6+ Ke5 50. Re8+ Kf5 51. Rf8+ Ke5 1/2-1/2

[Event "EU-chT Seniors 06th"]
[Site "Dresden"]
[Date "2004.02.24"]
[Round "3.4"]
[White "Funk, Paul"]
[Black "Kahn, Peter"]
[Result "0-1"]
[WhiteElo "2174"]
[BlackElo "2149"]
[PlyCount "80"]
[EventDate "2004.02.22"]
[EventType "team-swiss"]
[EventRounds "7"]
[EventCountry "GER"]
[SourceTitle "CBM 099 Extra"]
[Source "ChessBase"]
[SourceDate "2004.05.04"]
[SourceVersion "1"]
[SourceVersionDate "2004.05.04"]
[SourceQuality "1"]
[WhiteTeam "Baden"]
[BlackTeam "Dresden SC"]
[WhiteTeamCountry "GER"]
[BlackTeamCountry "GER"]

1. d4 d5 2. Nf3 Nf6 3. c4 e6 4. Nc3 c6 5. e3 Nbd7 6. Bd3 dxc4 7. Bxc4 b5 8. Bd3 Bb7 9. 0-0 a6 10. Qe2 c5 11. Rd1 Qc7 12. h3 Be7 13. Bd2 c4 14. Bc2 b4 15. Na4 0-0 16. Rac1 Rac8 17. e4 a5 18. Bg5 h6 19. Bh4 Rfe8 20. Bg3 Qb6 21. Re1 Ba6 22. Qd1 Bb5 23. d5 exd5 24. Nd4 Qb7 25. e5 Ne4 26. Nxb5 Nxg3 27. Nd4 Ne4 28. e6 fxe6 29. Qg4 Bf6 30. Rxe4 dxe4 31. Bxe4 Qa6 32. Bg6 Ne5 33. Bh7+ Kxh7 34. Qe4+ g6 35. Re1 Nd3 36. Re3 Bxd4 37. Qxd4 Qc6 38. Qf6 e5 39. Qf7+ Kh8 40. Rg3 Rf8 0-1

[Event "EU-chT Seniors 06th"]
[Site "Dresden"]
[Date "2004.02.23"]
[Round "2.4"]
[White "Baumbach, Friedrich"]
[Black "Funk, Paul"]
[Result "1-0"]
[WhiteElo "2300"]
[BlackElo "2174"]
[PlyCount "97"]
[EventDate "2004.02.22"]
[EventType "team-swiss"]
[EventRounds "7"]
[EventCountry "GER"]
[SourceTitle "CBM 099 Extra"]
[Source "ChessBase"]
[SourceDate "2004.05.04"]
[SourceVersion "1"]
[SourceVersionDate "2004.05.04"]
[SourceQuality "1"]
[WhiteTeam "Berlin"]
[BlackTeam "Baden"]
[WhiteTeamCountry "GER"]
[BlackTeamCountry "GER"]

1. d4 d5 2. c4 e6 3. Nc3 Nf6 4. cxd5 exd5 5. Bg5 Be7 6. Qc2 c6 7. e3 Nbd7 8. Bd3 Nf8 9. Nf3 Nh5 10. Bxe7 Qxe7 11. 0-0 Be6 12. Rae1 Ng6 13. Nd2 0-0 14. Nb3 f5 15. f4 Nf6 16. Bxf5 Bxf5 17. Qxf5 Rae8 18. Qd3 Ne4 19. Nd2 Nd6 20. Nf3 Rf6 21. Ne5 Ref8 22. b4 a6 23. a4 Nf7 24. b5 axb5 25. axb5 Nd8 26. bxc6 bxc6 27. Ra1 Nxe5 28. dxe5 Rh6 29. Rf3 Rh5 30. Ne2 Qe6 31. Nd4 Qh6 32. h3 c5 33. Ne2 Qc6 34. Rd1 d4 35. exd4 c4 36. Qc3 Ne6 37. d5 Qc5+ 38. Kh2 Nc7 39. Qd4 Qb4 40. Rc1 g5 41. Rxc4 Qb7 42. Nc3 Rh4 43. Qc5 Na6 44. Qc6 Qxc6 45. dxc6 Nc7 46. g3 Rh6 47. f5 Rb8 48. g4 Rb2+ 49. Kg3 1-0

[Event "GER-chT Seniors 12th"]
[Site "Finsterbergen"]
[Date "2003.08.14"]
[Round "5.4"]
[White "Funk, Paul"]
[Black "Janssen, Helmut"]
[Result "1-0"]
[WhiteElo "2068"]
[BlackElo "1874"]
[PlyCount "85"]
[EventDate "2003.08.10"]
[EventType "team"]
[EventRounds "7"]
[EventCountry "GER"]
[SourceTitle "EXT 2012"]
[Source "ChessBase"]
[SourceDate "2011.11.24"]
[SourceVersion "1"]
[SourceVersionDate "2011.11.24"]
[SourceQuality "1"]
[WhiteTeam "Baden II"]
[BlackTeam "Schleswig Holstein II"]
[WhiteTeamCountry "GER"]
[BlackTeamCountry "GER"]

1. d4 Nf6 2. Nf3 b6 3. g3 e6 4. Bg2 Bb7 5. 0-0 d5 6. Nbd2 Nbd7 7. Re1 Be7 8. c4 0-0 9. a3 c5 10. e3 Rc8 11. b3 a6 12. Bb2 Re8 13. Ne5 Nxe5 14. dxe5 Ne4 15. Nxe4 dxe4 16. Qc2 f5 17. exf6 Bxf6 18. Rad1 Qe7 19. Bxf6 gxf6 20. Bxe4 Bxe4 21. Qxe4 Red8 22. f4 Rd7 23. f5 e5 24. Rd5 a5 25. Red1 Rcd8 26. g4 h6 27. Kf2 Kg7 28. h4 Qf7 29. a4 Rxd5 30. Rxd5 Rxd5 31. Qxd5 Qc7 32. Kf3 e4+ 33. Qxe4 Qd6 34. Ke2 Qh2+ 35. Kd3 Qxh4 36. Qb7+ Kg8 37. Qxb6 Qxg4 38. Qxf6 Qd1+ 39. Ke4 Qc2+ 40. Kd5 Qd3+ 41. Kc6 Qxb3 42. Qg6+ Kf8 43. f6 1-0